Mudra aru bittiyo bojar/ (Record no. 11234)

MARC details
000 -LEADER
fixed length control field 00695nam a22002417a 4500
005 - DATE AND TIME OF LATEST TRANSACTION
control field 20211117125459.0
008 - FIXED-LENGTH DATA ELEMENTS--GENERAL INFORMATION
fixed length control field 211117b ||||| |||| 00| 0 eng d
020 ## - INTERNATIONAL STANDARD BOOK NUMBER
International Standard Book Number 9789391060541
040 ## - CATALOGING SOURCE
Original cataloging agency IN-DiNC
Transcribing agency IN-DiNC
041 ## - LANGUAGE CODE
Language code of sung or spoken text Assamese
082 ## - DEWEY DECIMAL CLASSIFICATION NUMBER
Classification number 332.4
Item number MUD
245 ## - TITLE STATEMENT
Title Mudra aru bittiyo bojar/
Statement of responsibility, etc. by Minoti Gogoi Baruah and others
250 ## - EDITION STATEMENT
Edition statement 1st ed.
260 ## - PUBLICATION, DISTRIBUTION, ETC.
Place of publication, distribution, etc. Dibrugarh:
Name of publisher, distributor, etc. Banalata,
Date of publication, distribution, etc. 2021
300 ## - PHYSICAL DESCRIPTION
Extent 172p.
650 ## - SUBJECT ADDED ENTRY--TOPICAL TERM
Topical term or geographic name entry element Money and financial markets
650 ## - SUBJECT ADDED ENTRY--TOPICAL TERM
Topical term or geographic name entry element Monetary economics
700 ## - ADDED ENTRY--PERSONAL NAME
Personal name Baruah, Minoti Gogoi
Relator term Author
700 ## - ADDED ENTRY--PERSONAL NAME
Personal name Neog, Brojen Chandra
Relator term Author
700 ## - ADDED ENTRY--PERSONAL NAME
Personal name Borah, Arindam
Relator term Author
700 ## - ADDED ENTRY--PERSONAL NAME
Personal name Hazarika, Bidisha Mahanta
Relator term Author
942 ## - ADDED ENTRY ELEMENTS (KOHA)
Source of classification or shelving scheme Dewey Decimal Classification
Koha item type Books
Holdings
Withdrawn status Lost status Source of classification or shelving scheme Damaged status Not for loan Collection code Home library Current library Shelving location Date acquired Cost, normal purchase price Total Checkouts Full call number Barcode Date last seen Date last checked out Copy number Price effective from Koha item type
    Dewey Decimal Classification     Economics Central Library, Naharkatiya College Central Library, Naharkatiya College General Stacks 17/11/2021 200.00 17 332.4 MUD 28667 06/11/2024 27/09/2024 1 17/11/2021 Books
    Dewey Decimal Classification     Economics Central Library, Naharkatiya College Central Library, Naharkatiya College General Stacks 17/11/2021 200.00 19 332.4 MUD 28668 27/11/2024 06/11/2024 2 17/11/2021 Books

Naharkatiya College © 2020. All rights reserved.

Powered By